000 01400nam a2200349 c 4500
003 BLK
005 20190514122547.0
008 180411b bul|||||r ||||||| ||bul||
010 _aKNG00186057000
020 _a978-619-165-034-7
_bиздат.: Ергон
040 _aBLK
041 _aBUL
_cBUL
072 7 _2bullib
_aН83
_xЧужда художествена литература Н
080 _aАнглийска литература
_b821.111
_x-31
_z821.111-31
100 1 _aУилсън, Джаклин
_eпърви автор
_9341030
700 1 _aСтефанова, Мирела Стефанова
_eпрев. от англ.
_9367650
139 _aУилсън, Джаклин
_bУ 39
245 1 0 _aЦелувката
_bРоман
_cДжаклин Уилсън; прев. от англ. Мирела Стефанова Стефанова.
257 _aGBR
260 София
_bЕргон
_c2015
_fСофия : Инвестпрес
300 _a312 с.
_c20 см
380 _aX
490 1 _aБиблиотека Малък свят
500 _aОриг. загл. The Kiss / Jacqueline Wilson. - Съдържа и за авт.
653 _aромани
659 _aН
852 _aЦб 279155
856 4 _qpdf
_u
856 4 _qpdf
_u
942 _cKNG
_n0
_09
944 _aCR
_c02.02.2016
_lф /
_kВиолета_Тройчева
944 _aED
_c16.12.2017
_lф /
_kВиолета_Тройчева
999 _c177392
_d177392